Szczegóły MARC21

Wywieranie wpływu na ludzi : teoria i praktyka /

003 -Nazwa inst., której nr kontr. jest w polu 001 [,]
    • @
    • Nazwa instytucji, której n kontrolny jest w polu 001
    • NUKAT
005 -DATA I CZAS OSTATNIEJ MODYFIKACJI [,]
    • @
    • pole kontrolne
    • 20241231112655.0
020 -Międzynarod. znormalizowany nr książki - ISBN [ , ]
    • a
    • Numer ISBN
    • 8385416390 Find
040 -Instytucja sporządzająca opis [ , ]
    • a
    • Instytucja, która sporządziła opis (NP)
    • GD U/Jaga
    • c
    • Instytucja, która sporządziła rekord (NP)
    • GD U/Jaga
    • d
    • Instytucja, która zmodyfikowała rekord (P)
    • GD U/AJ
    • d
    • Instytucja, która zmodyfikowała rekord (P)
    • GD U/BDs
    • d
    • Instytucja, która zmodyfikowała rekord (P)
    • WA U/SB
    • d
    • Instytucja, która zmodyfikowała rekord (P)
    • KR 93/MSs
    • d
    • Instytucja, która zmodyfikowała rekord (P)
    • KAT U/MBs
041 -Język dokumentu [1, ]
    • a
    • Język tekstu (P)
    • polski
    • h
    • Język tekstu oryginalnego i/lub pośredniego (P)
    • angielski
942 -Rodzaj dokumentu [ , ]
    • c
    • Rodzaj dokumentu
    • Książka
100 -Hasło główne - nazwa osobowa [1, ]
    • a
    • Nazwa osobowa (NP)
    • Cialdini, Robert B.
    • d
    • Daty biograficzne (NP)
    • (1945- ).
    • 9
    • KHW
    • 51056
240 -Tytuł ujednolicony [1,0]
    • a
    • Tytuł ujednolicony
    • Influence
    • l
    • Język tekstu
    • (pol.)
    • 9
    • KHW
    • 51059
245 -Strefa tytułu i oznaczenia odpowiedzialności [1,0]
    • a
    • Tytuł
    • Wywieranie wpływu na ludzi : Find
    • b
    • Ciąg dalszy tytułu (NP)
    • teoria i praktyka / Find
    • c
    • Pozostałe elementy strefy tytułu i oznaczenia odpowiedzialności (NP)
    • Robert Cialdini ; przekł. Bogdan Wojciszke.
250 -Strefa wydania [ , ]
    • a
    • Oznaczenie wydania (NP)
    • Wyd. 3.
260 -Strefa adresu wydawniczego [ , ]
    • a
    • Miejsce wydania (P)
    • Gdańsk :
    • b
    • Nazwa wydawcy (P)
    • Gdańskie Wydawnictwo Psychologiczne,
    • c
    • Data wydania (P)
    • 1996.
300 -Strefa opisu fizycznego [ , ]
    • a
    • Określenie formy książki i/lub objętość (NP)
    • 270 s. :
    • b
    • Oznaczenie ilustracji (NP)
    • il. ;
    • c
    • Format (NP)
    • 24 cm.
336 -Typ zawartości [ , ]
    • a
    • Termin opisujący typ zawartości
    • Tekst
    • b
    • Kod określający zawartość
    • txt
    • 2
    • Źródło (terminu i kodu)
    • rdacontent
337 -Typ mediów [ , ]
    • a
    • Tryb odtwarzania
    • Bez urządzenia pośredniczącego
    • b
    • Kod typu mediów
    • n
    • 2
    • Źródło (terminu i kodu)
    • rdamedia
338 -Typ/rodzaj nośnika [ , ]
    • a
    • Hasło opisujące typ nośnika
    • Wolumin
    • b
    • Kod typu nośnika
    • nc
    • 2
    • Źródło (terminu i kodu)
    • rdacarrier
504 -Uwaga dot. bibliogr. załącznikowej [ , ]
    • a
    • Uwaga dot. bibliografii załącznikowej
    • Bibliogr. s. 251-264. Indeksy.
080 -Uniwersalna Klasyfikacja Dziesiętna [ , ]
    • a
    • Symbol klasyfikacji
    • 316.6
    • 9
    • UKD
    • 2822
    • 2
    • Identyfikator wydania tablic
    • UDC-P058
    • b
    • Dopowiedzenie
    • Psychologia społeczna. Zachowania społeczne. Aktywność i bierność w zachowaniu społecznym. Motywacje ludzkiego zachowania. Potrzeby. Aspiracje.
080 -Uniwersalna Klasyfikacja Dziesiętna [ , ]
    • a
    • Symbol klasyfikacji
    • :159.9
650 -Hasło przedmiotowe [ ,7]
    • a
    • Hasło przedmiotowe
    • Wpływ (psychologia).
    • 2
    • Źródło terminu
    • kaba
    • 9
    • KHW
    • 136364
650 -Hasło przedmiotowe [ ,7]
    • a
    • Hasło przedmiotowe
    • Psychologia społeczna.
    • 2
    • Źródło terminu
    • kaba
    • 9
    • KHW
    • 192308
650 -Hasło przedmiotowe [ ,7]
    • a
    • Hasło przedmiotowe
    • Sympatia.
    • 2
    • Źródło terminu
    • kaba
    • 9
    • KHW
    • 131757
650 -Hasło przedmiotowe [ ,7]
    • a
    • Hasło przedmiotowe
    • Perswazja (psychologia).
    • 2
    • Źródło terminu
    • kaba
    • 9
    • KHW
    • 123535
650 -Hasło przedmiotowe [ ,7]
    • a
    • Hasło przedmiotowe
    • Stosunki międzyludzkie.
    • 2
    • Źródło terminu
    • kaba
    • 9
    • KHW
    • 131283
980 -Symbol UKD [ , ]
    • a
    • UKD
    • 316.6:159.9
700 -Hasło dodatkowe - nazwa osobowa [1, ]
    • a
    • Nazwa osobowa (NP)
    • Wojciszke, Bogdan Find
    • d
    • Daty biograficzne (NP)
    • (1952- ).
    • e
    • Określenie rodzaju współpracy
    • Tł.
    • 9
    • KHW
    • 11505
710 -Hasło dodatkowe - nazwa ciała zbiorowego [2, ]
    • a
    • Nazwa ciała zbiorowego lub nazwa geograficzna jako pierwszy element (NP)
    • Gdańskie Wydawnictwo Psychologiczne.
    • 4
    • Kod relacji
    • pbl
    • 9
    • KHW
    • 51613
920 -ISBN [ , ]
    • a
    • ISBN
    • 83-85416-39-0 Find
Sygnatura Numer inwentarzowy Status udost. Data inwentaryzacji Lokalizacja
W.186101W.186101-31996-03-26BG
W.186101W.186102-31996-03-26BG
W.186101W.18610421996-03-26BG
W.186101W.186105-31996-03-26BG
W.186101W.186106-31996-03-26BG
W.186101W.186107-31996-03-26BG
W.186101W.186108-31996-03-26BG
W.186101W.186109-31996-03-26BG
W.186101W.186110-31996-03-26BG
W.186101W.190336-31997-05-28BG
W.186101W.190337-31997-05-28BG
W.186101W.190338-31997-05-28BG
W.186101W.190339-61997-05-28BG
W.186101W.190340-31997-05-28BG
W.186101W.190341-31997-05-28BG
Z.89511Z.8951111997-05-28BG
W.186101W.19427021998-06-24BG
 W.194271-31998-06-24BG
W.186101W.195223-31998-09-28BG
W.186101W.201650-32000-03-08BG
W.186101W.186103-31996-03-26BG
 F.27097-31997-05-28BNS
 F.2709611997-05-28BNS
BWTeologiiPd.977321997-05-28TH
BWTeologiiPd.977421997-05-28TH